000 00731cam a2200205 a 4500
001 000013054
005 20200929163128.0
008 790216s1961 pr abd 000 0 spa
040 _aDO-SdBNP
_bspa
_cLC
_dBNPHU
082 _a972.95
_bP128L
100 1 _aPagán, Bolívar,
_d1899-
_930172
245 1 0 _aLecciones de gobierno civil /
_cBolívar Pagán.
260 _aSan Juan, Puerto Rico :
_bDepartamento de Instrucción Pública,
_c1961.
300 _a306 p. :
_bil. ;
_c22 cm.
651 4 _aPuerto Rico
_xPolítica Y Gobierno
_y1898-1952.
_98024
651 4 _aPuerto Rico
_xPolítica Y Gobierno
_y1952-1998.
_916163
651 4 _aEstados Unidos
_xPolítica Y Gobierno
_95436
910 _aCatalogación por copia / LC
049 _aBNGR
999 _c12696
_d12696